LEADER 01918oam 2200517M 450 001 9910716163003321 005 20200213070917.6 035 $a(CKB)5470000002518484 035 $a(OCoLC)1065605294 035 $a(OCoLC)995470000002518484 035 $a(EXLCZ)995470000002518484 100 $a20071213d1926 ua 0 101 0 $aeng 135 $aurcn||||||||| 181 $ctxt$2rdacontent 182 $cc$2rdamedia 183 $acr$2rdacarrier 200 10$aTo prevent the purchase and sale of public office. June 3, 1926. -- Referred to the House Calendar and ordered to be printed 210 1$a[Washington, D.C.] :$c[U.S. Government Printing Office],$d1926. 215 $a1 online resource (1 page) 225 1 $aHouse report / 69th Congress, 1st session. House ;$vno. 1366 225 1 $a[United States congressional serial set ] ;$v[serial no. 8534] 300 $aBatch processed record: Metadata reviewed, not verified. Some fields updated by batch processes. 300 $aFDLP item number not assigned. 606 $aLegislative amendments 606 $aMisconduct in office 606 $aPolitical corruption 606 $aPatronage, Political 606 $aPostal service$xEmployees 606 $aSelection and appointment 608 $aLegislative materials.$2lcgft 615 0$aLegislative amendments. 615 0$aMisconduct in office. 615 0$aPolitical corruption. 615 0$aPatronage, Political. 615 0$aPostal service$xEmployees. 615 0$aSelection and appointment. 701 $aGraham$b George Scott$f1850-1931$pRepublican (PA)$01386798 801 0$bWYU 801 1$bWYU 801 2$bOCLCO 801 2$bOCLCQ 906 $aBOOK 912 $a9910716163003321 996 $aTo prevent the purchase and sale of public office. June 3, 1926. -- Referred to the House Calendar and ordered to be printed$93436033 997 $aUNINA LEADER 01619nam 2200409z- 450 001 9910694343003321 005 20141115080338.0 035 $a(CKB)5860000000031842 035 $a(BIP)017102672 035 $a(EXLCZ)995860000000031842 100 $a20220406c2007uuuu -u- - 101 0 $aeng 200 10$aPublic-private partnerships $einnovative financing and protecting the public interest : hearing before the Subcommittee on Highways and Transit of the Committee on Transportation and Infrastructure, House of Representatives, One Hundred Tenth Congress, first session, February 13, 2007 215 $a1 online resource (v, 139 p.) $cill 311 $a0-16-079148-0 517 $aPublic-Private Partnerships 606 $aPublic-private sector cooperation$zUnited States 606 $aTransportation$zUnited States$xFinance 606 $aInfrastructure (Economics)$zUnited States$xFinance 606 $aRoads$zUnited States$xDesign and construction$xFinance 606 $aPublic works$zUnited States$xFinance 610 $aPublic-private sector cooperation 610 $aTransportation 610 $aInfrastructure (economics) 610 $aRoads 610 $aPublic works 610 $aBusiness & economics 610 $aPolitical science 615 0$aPublic-private sector cooperation 615 0$aTransportation$xFinance. 615 0$aInfrastructure (Economics)$xFinance. 615 0$aRoads$xDesign and construction$xFinance. 615 0$aPublic works$xFinance. 906 $aBOOK 912 $a9910694343003321 996 $aPublic Private Partnerships$92069850 997 $aUNINA LEADER 02412nam0 2200445 i 450 001 CFI0014538 005 20251003044109.0 010 $a8814009201 020 $aIT$b86-1237 100 $a20220131d1986 ||||0itac50 ba 101 | $aita 102 $ait 181 1$6z01$ai $bxxxe 182 1$6z01$an 183 1$6z01$anc$2RDAcarrier 200 1 $aˆIl ‰finanziamento pubblico alle imprese$fresponsabile della ricerca Manin Carabba$gcoordinatore del gruppo di ricerca Piero Fazio$gcomitato di ricerca: Nicoletta Bevilacqua, Piero Fazio, Stefano Landi 210 $aMilano$cGiuffrè$d1986 215 $a119 p.$d24 cm. 225 | $aCollana di diritto pubblico$fCentro nazionale di prevenzione e difesa sociale$v4 410 0$1001CFI0015661$12001 $aCollana di diritto pubblico$fCentro nazionale di prevenzione e difesa sociale$v4$171202$aCentro nazionale di prevenzione e difesa sociale$3CFIV001660 606 $aImprese$xFinanziamenti statali$2FIR$3SBLC105885$9I 606 $aItalia$xIndustria$xFinanziamenti statali$x1970-1980$2FIR$3CFIC001756$9I 606 $aInvestimenti industriali$xItalia$x1970-1980$2FIR$3CFIC001757$9I 606 $aPiccole industrie$xInvestimenti nell'innovazione tecnologica$xItalia$x1970-1980$2FIR$3CFIC001758$9I 676 $a338.4$9INDUSTRIE SECONDARIE E SERVIZI$v12 676 $a338.4$9INDUSTRIE SECONADARIE E DEI SERVIZI$v22 676 $a338.480945$9Industrie secondarie e servizi. Politiche del governo. Italia.$v19 676 $a343.07$9DIRITTO IN MATERIA DI ATTIVITA ECONOMICA$v21 702 1$aCarabba$b, Manin$3CFIV009335 702 1$aFazio$b, Piero$3CFIV009336 801 3$aIT$bIT-000000$c20220131 850 $aIT-BN0095 $aIT-NA0079 $aIT-NA0452 901 $bNAP 01$cD $n$ 901 $bNAP BN$cD $nComprende volumi con collocazioni per formato catalogati prima del 1987. La consegna del doc. é effettuata dall'Uff. Distribuzione. 901 $bNAP IS$cISFSE $nSezione di materie economiche e sociali dell' ex Istituto sulle strutture finanziarie e lo sviluppo economico 912 $aCFI0014538 950 0$aBiblioteca Centralizzata di Ateneo$d 01D (AR) 15 449$e 01AR 0700154495 VMA A4 1 v.$fY $h19950310$i20181003 977 $a 01$a BN$a IS 996 $aFinanziamento pubblico alle imprese$9617990 997 $aUNISANNIO